|
|
|
|
| LEADER |
00000ntm a2200000 i 4500 |
| 001 |
115747 |
| 003 |
CZ ZlUTB |
| 005 |
20260601102653.0 |
| 007 |
ta |
| 008 |
260331s2026 xr a f 000 0 cze |
| 040 |
|
|
|a ZLD002
|b cze
|e rda
|
| 041 |
0 |
|
|a cze
|b cze
|b eng
|
| 072 |
|
7 |
|a 678
|x Průmysl makromolekulárních látek. Gumárenský průmysl. Průmysl plastů
|2 Konspekt
|9 19
|
| 080 |
|
|
|a 678.742.3
|2 MRF
|
| 080 |
|
|
|a 678.742.4
|2 MRF
|
| 080 |
|
|
|a 548.51/.52
|2 MRF
|
| 080 |
|
|
|a 548.33
|2 MRF
|
| 080 |
|
|
|a (043.5)
|2 MRF
|
| 100 |
1 |
|
|a Navrátilová, Jana,
|d 1981-
|7 mzk2007423966
|4 dis
|
| 245 |
1 |
0 |
|a Krystalizace lineárních a větvených stereoregulárních polyolefinů =
|b Crystallization of linear and branched stereoregular polyolefins : habilitační práce /
|c Jana Navrátilová
|
| 246 |
3 |
1 |
|a Crystallization of linear and branched stereoregular polyolefins
|
| 264 |
|
0 |
|c 2026
|
| 300 |
|
|
|a 48 stran, 81 různě číslovaných stran :
|b ilustrace (některé barevné) ;
|c 25 cm
|
| 336 |
|
|
|a text
|b txt
|2 rdacontent
|
| 337 |
|
|
|a bez média
|b n
|2 rdamedia
|
| 338 |
|
|
|a svazek
|b nc
|2 rdacarrier
|
| 490 |
1 |
|
|a Habilitační práce
|
| 500 |
|
|
|a "Obor: Technologie makromolekulárních látek"
|
| 502 |
|
|
|a Habilitace--Univerzita Tomáše Bati ve Zlíně, Fakulta technologická, 2026
|
| 504 |
|
|
|a Obsahuje bibliografii
|
| 546 |
|
|
|a České a anglické resumé
|
| 650 |
0 |
7 |
|a polypropylen
|7 ph293210
|2 czenas
|
| 650 |
0 |
7 |
|a polybuten
|7 ph546077
|2 czenas
|
| 650 |
0 |
7 |
|a krystalizace
|7 ph138259
|2 czenas
|
| 650 |
0 |
7 |
|a polymorfismus
|7 ph220680
|2 czenas
|
| 650 |
0 |
9 |
|a polypropylene
|2 eczenas
|
| 650 |
0 |
9 |
|a polybutene
|2 eczenas
|
| 650 |
0 |
9 |
|a crystallization
|2 eczenas
|
| 650 |
0 |
9 |
|a polymorphism
|2 eczenas
|
| 655 |
|
7 |
|a habilitační práce
|7 fd185153
|2 czenas
|
| 655 |
|
9 |
|a habilitation theses
|2 eczenas
|
| 710 |
2 |
|
|a Univerzita Tomáše Bati ve Zlíně
|7 xx0011099
|4 pbl
|
| 710 |
2 |
|
|a Univerzita Tomáše Bati ve Zlíně.
|b Technologická fakulta
|7 kn20010709223
|4 dgg
|4 isb
|
| 810 |
2 |
|
|a Univerzita Tomáše Bati ve Zlíně.
|t Habilitační práce
|
| 910 |
|
|
|a ZLD002
|
| 942 |
|
|
|2 udc
|
| 952 |
|
|
|0 0
|1 0
|4 0
|6 KNAVRÁTILOVÁJ
|7 -1
|8 MANUS
|9 191392
|a UTBZL
|b UTBZL
|c 001
|d 2026-06-01
|l 0
|o K/NAVRÁTILOVÁ,J.
|p 420010202202
|r 2026-06-01 10:28:05
|w 2026-06-01
|x N: povinný výtisk
|y 12
|
| 952 |
|
|
|0 0
|1 0
|4 0
|6 KNAVRÁTILOVÁJ
|7 1
|8 MANUS
|9 191393
|a UTBZL
|b UTBZL
|c 001
|d 2026-06-01
|l 0
|o K/NAVRÁTILOVÁ,J.
|p 420010202203
|r 2026-06-01 10:28:26
|w 2026-06-01
|x N: povinný výtisk
|y 10
|
| 992 |
|
|
|a BK
|c vs
|
| 993 |
|
|
|x NEPOSILAT
|y VSKP
|
| 999 |
|
|
|c 115747
|d 115747
|